[Event "Mittelfr. EM 2017 - Hauptturnier"]
[Site "Uttenreuth"]
[Date "2017.04.11"]
[Round "1.1"]
[White "Böhme, Markus"]
[Black "Saathoff, Richard"]
[Result "1-0"]
[WhiteElo "1978"]
[BlackElo "2070"]
[PlyCount "79"]
[EventDate "2017.??.??"]
[WhiteTeam "SC Uttenreuth e.V."]
[BlackTeam "SC Schwarz-Weiß Nürnberg Süd e.V"]

1. e4 e5 2. Nf3 Nc6 3. d4 exd4 4. Nxd4 Bc5 5. Be3 Qf6 6. c3 Nge7 7. Bc4 b6 8.
O-O Bb7 9. Nb5 O-O-O 10. Bxc5 bxc5 11. Qa4 Kb8 12. Nd2 Nc8 13. Bd5 a6 14. Na3
Nb6 15. Qc2 Rhe8 16. Nac4 Nxd5 17. exd5 Ne5 18. Ne3 Ng6 19. Nb3 Qb6 20. Nd2 Nf4
21. Ndc4 Qf6 22. Rad1 Qg5 23. Qb3 Ka8 24. g3 h5 25. Na5 Rb8 26. Nxb7 Rxb7 27.
Qc4 Ng6 28. Qxa6+ Kb8 29. d6 c6 30. b4 cxb4 31. cxb4 h4 32. Nc4 Qb5 33. Qxb5
cxb5 34. Ne3 Re6 35. Nf5 Rb6 36. Rfe1 hxg3 37. hxg3 Ne5 38. Nd4 Nc4 39. Nxe6
fxe6 40. Rxe6 1-0

[Event "Mittelfr. EM 2017 - Hauptturnier"]
[Site "Uttenreuth"]
[Date "2017.04.11"]
[Round "1.2"]
[White "Dürr, Florian"]
[Black "Konsek, Peter"]
[Result "1/2-1/2"]
[WhiteElo "2047"]
[BlackElo "1972"]
[PlyCount "49"]
[EventDate "2017.??.??"]
[WhiteTeam "SC Erlangen 48/88"]
[BlackTeam "SC Schwarz-Weiß Nürnberg Süd e.V"]

1. Nf3 f5 2. d4 Nf6 3. g3 g6 4. Bg2 Bg7 5. c4 O-O 6. O-O d6 7. b4 c6 8. Bb2 e5
9. dxe5 Ng4 10. Qb3 Nxe5 11. Rd1 Nxf3+ 12. Bxf3 Bxb2 13. Qxb2 Qf6 14. Qxf6 Rxf6
15. b5 a6 16. bxc6 bxc6 17. Nc3 Ra7 18. Rd2 Kf7 19. Rad1 Be6 20. Rxd6 Bxc4 21.
Rd8 Rb7 22. Rh8 Kg7 23. Re8 Bf7 24. Re5 Re6 25. Rc5 1/2-1/2

[Event "Mittelfr. EM 2017 - Hauptturnier"]
[Site "Uttenreuth"]
[Date "2017.04.11"]
[Round "1.3"]
[White "Link, Andreas"]
[Black "Tong, Kevin"]
[Result "1/2-1/2"]
[WhiteElo "1968"]
[BlackElo "2027"]
[PlyCount "71"]
[EventDate "2017.??.??"]
[WhiteTeam "Spvg Zabo-Eintracht Nürnberg e.V"]
[BlackTeam "SC Erlangen 48/88"]

1. e4 e5 2. Nf3 Nc6 3. Bb5 a6 4. Ba4 Nf6 5. O-O Be7 6. Qe2 d6 7. Bxc6+ bxc6 8.
d4 exd4 9. Nxd4 Bd7 10. Nc3 O-O 11. Bg5 Re8 12. Rfe1 Nd5 13. exd5 Bxg5 14. Qd3
c5 15. Nc6 Qf6 16. Rxe8+ Bxe8 17. Re1 Bd7 18. Ne4 Qh6 19. g3 Re8 20. Re2 Kf8
21. Nxg5 Qxg5 22. Rxe8+ Bxe8 23. Qxh7 Bxc6 24. dxc6 Qc1+ 25. Kg2 Qxb2 26. Qh8+
Ke7 27. Qc8 Qb6 28. Qd7+ Kf6 29. h4 g6 30. c4 Kg7 31. g4 Qb8 32. g5 a5 33. a4
Kg8 34. Kg3 Qb3+ 35. f3 Qe3 36. Qd8+ 1/2-1/2

[Event "Mittelfr. EM 2017 - Hauptturnier"]
[Site "Uttenreuth"]
[Date "2017.04.11"]
[Round "1.4"]
[White "Seibold, Hubert"]
[Black "Diller, Peter"]
[Result "1-0"]
[WhiteElo "2025"]
[BlackElo "1959"]
[PlyCount "93"]
[EventDate "2017.??.??"]
[WhiteTeam "SK Zirndorf e.V."]
[BlackTeam "SK Rothenburg e.V."]

1. Nf3 e6 2. g3 d5 3. Bg2 c5 4. c4 Nc6 5. O-O Nf6 6. b3 Bd6 7. cxd5 exd5 8. Bb2
Be6 9. d3 O-O 10. Nbd2 Rc8 11. e4 Bb8 12. Ng5 d4 13. Nxe6 fxe6 14. Bh3 Qe8 15.
f4 Rc7 16. a3 b6 17. b4 e5 18. bxc5 bxc5 19. f5 Na5 20. a4 Qf7 21. Ba3 Rfc8 22.
Re1 Rb7 23. Rc1 Bd6 24. Nc4 Nxc4 25. Rxc4 h6 26. Bf1 Nd7 27. Be2 Nb6 28. Rc1
Qe8 29. a5 Na4 30. Bh5 Qc6 31. f6 gxf6 32. Qg4+ Kh8 33. Rf1 Bf8 34. Rxf6 Qd7
35. Qxd7 Rxd7 36. Bg4 Rdd8 37. Bxc8 Rxc8 38. Rb1 Bg7 39. Rf7 c4 40. dxc4 Nc3
41. Rbb7 Rg8 42. c5 Nxe4 43. c6 Ng5 44. Rxg7 Rxg7 45. Rxg7 Kxg7 46. c7 d3 47.
Bb4 1-0

[Event "Mittelfr. EM 2017 - Hauptturnier"]
[Site "Uttenreuth"]
[Date "2017.04.11"]
[Round "1.5"]
[White "Brenner, Christian"]
[Black "Erlbeck, Peter"]
[Result "0-1"]
[WhiteElo "1905"]
[BlackElo "1994"]
[PlyCount "114"]
[EventDate "2017.??.??"]
[WhiteTeam "Spvg Zabo-Eintracht Nürnberg e.V"]
[BlackTeam "SC Schwarz-Weiß Nürnberg Süd e.V"]

1. e4 c5 2. Nf3 Nc6 3. d4 cxd4 4. Nxd4 Nf6 5. Nc3 e6 6. Be2 Bb4 7. O-O O-O 8.
Qd3 a6 9. Bg5 h6 10. Bh4 Ne5 11. Qh3 Ng6 12. Bg3 Bxc3 13. bxc3 Nxe4 14. Bd3 d5
15. Qh5 Qg5 16. Qxg5 hxg5 17. c4 Nxg3 18. hxg3 e5 19. Nb3 dxc4 20. Bxc4 Bf5 21.
Bd5 Bxc2 22. Bxb7 Ra7 23. Nc5 Rb8 24. Bxa6 Rc7 25. Nb3 Bxb3 26. axb3 Rxb3 27.
Rfc1 Rbc3 28. Rd1 Nf8 29. Bf1 g6 30. Re1 R3c5 31. g4 Kg7 32. g3 Ne6 33. Bg2 Nd4
34. Rad1 f6 35. f4 gxf4 36. gxf4 Ne6 37. fxe5 fxe5 38. Bd5 Nf4 39. Be4 Kf6 40.
Rd6+ Kg5 41. Rb6 Rh7 42. Rf1 Rc3 43. Rb5 Kxg4 44. Rxe5 Nh3+ 45. Kh2 Rh6 46.
Bxg6 Nf4+ 47. Kg1 Rxg6 48. Re8 Rc2 49. Rh8 Nh5 50. Rf2 Rc1+ 51. Kh2 Ng3 52. Kg2
Ne4 53. Rf1 Rc2+ 54. Kg1 Kg3 55. Kh1 Nf2+ 56. Rxf2 Rxf2 57. Rh3+ Kf4 0-1

[Event "Mittelfr. EM 2017 - Hauptturnier"]
[Site "Uttenreuth"]
[Date "2017.04.11"]
[Round "1.6"]
[White "Wittmann, Helmut"]
[Black "Meyer, Jürgen"]
[Result "1/2-1/2"]
[WhiteElo "1986"]
[BlackElo "1739"]
[PlyCount "42"]
[EventDate "2017.??.??"]
[WhiteTeam "BSG Wörlhaus Erlangen"]
[BlackTeam "SC Uttenreuth e.V."]

1. d4 d5 2. c4 e6 3. Nc3 Nf6 4. Bg5 c6 5. e3 Be7 6. Nf3 O-O 7. Bd3 Nbd7 8. a3
b6 9. e4 dxe4 10. Nxe4 Nxe4 11. Bxe7 Qxe7 12. Bxe4 Bb7 13. Qa4 Rfc8 14. O-O Nf6
15. Rfe1 Nxe4 16. Rxe4 c5 17. d5 Qf6 18. Re5 exd5 19. cxd5 Rd8 20. Rae1 h6 21.
Qe4 Qd6 1/2-1/2

[Event "Mittelfr. EM 2017 - Hauptturnier"]
[Site "Uttenreuth"]
[Date "2017.04.11"]
[Round "1.7"]
[White "Kotitschke, Karlheinz"]
[Black "Böhme, Sebastian"]
[Result "0-1"]
[WhiteElo "1723"]
[BlackElo "1980"]
[PlyCount "86"]
[EventDate "2017.??.??"]
[WhiteTeam "SK Rothenburg e.V."]
[BlackTeam "SC Uttenreuth e.V."]

1. f4 d5 2. Nf3 c5 3. g3 Nc6 4. Bg2 g6 5. O-O Bg7 6. d3 Nf6 7. c3 O-O 8. Na3
Qc7 9. Qc2 Rd8 10. e4 dxe4 11. dxe4 e5 12. Be3 b6 13. f5 Ng4 14. Bg5 f6 15. h3
Nh6 16. Bxh6 Bxh6 17. fxg6 hxg6 18. Rfd1 Be6 19. Bf1 Qf7 20. b3 Na5 21. Kg2 Kg7
22. Rxd8 Rxd8 23. Rd1 Qe7 24. Rxd8 Qxd8 25. Qd3 Qxd3 26. Bxd3 Kf7 27. Ba6 Nc6
28. Nb5 Nb8 29. Bb7 a5 30. Nc7 c4 31. Nd5 cxb3 32. axb3 b5 33. c4 bxc4 34. bxc4
Nd7 35. g4 Nc5 36. Bc6 Nxe4 37. Nc7 Nc5 38. Nxe6 Kxe6 39. h4 a4 40. g5 fxg5 41.
hxg5 Bf8 42. Kf2 a3 43. Ne1 Nd3+ 0-1

[Event "Mittelfr. EM 2017 - Hauptturnier"]
[Site "Uttenreuth"]
[Date "2017.04.11"]
[Round "1.8"]
[White "Bauer, Karlheinz"]
[Black "Cordts, Elof"]
[Result "1-0"]
[WhiteElo "1978"]
[BlackElo "1672"]
[PlyCount "67"]
[EventDate "2017.??.??"]
[WhiteTeam "Spvg Zabo-Eintracht Nürnberg e.V"]
[BlackTeam "SC Erlangen 48/88"]

1. e4 c5 2. Nf3 d6 3. d4 cxd4 4. Qxd4 Nc6 5. Bb5 Bd7 6. Bxc6 Bxc6 7. Nc3 h6 8.
Be3 Nf6 9. O-O-O e6 10. Qd3 Ng4 11. Bd4 e5 12. Be3 Nxe3 13. Qxe3 Qd7 14. Nxe5
Qe6 15. Nf3 Be7 16. Nd4 Qe5 17. f4 Qc5 18. Nd5 Bd8 19. Nf5 Qxe3+ 20. Ndxe3 O-O
21. Nxd6 Bc7 22. e5 Rad8 23. Nef5 Rd7 24. Nxb7 Rxd1+ 25. Rxd1 Bxg2 26. Nxh6+
Kh7 27. Rd7 Bb6 28. Nxf7 Be3+ 29. Kb1 Bxf4 30. e6 Re8 31. Nbd8 Bh3 32. Nd6 Bxe6
33. Rxg7+ Kxg7 34. Nxe8+ 1-0

[Event "Mittelfr. EM 2017 - Hauptturnier"]
[Site "Uttenreuth"]
[Date "2017.04.11"]
[Round "2.1"]
[White "Böhme, Sebastian"]
[Black "Seibold, Hubert"]
[Result "0-1"]
[WhiteElo "2122"]
[BlackElo "2117"]
[PlyCount "112"]
[EventDate "2017.??.??"]
[WhiteTeam "SC Uttenreuth e.V."]
[BlackTeam "SK Zirndorf e.V."]

1. e4 c5 2. c3 d5 3. exd5 Qxd5 4. d4 e6 5. Nf3 Nc6 6. Na3 Nf6 7. Nb5 Qd8 8.
dxc5 Bxc5 9. Qxd8+ Kxd8 10. Nbd4 Bd7 11. Be3 Nxd4 12. Nxd4 Bb6 13. Nc2 Bxe3 14.
Nxe3 Bc6 15. O-O-O+ Ke7 16. f3 Nh5 17. Nc4 Bd5 18. Ne5 Rac8 19. Kb1 Rhd8 20. c4
f6 21. cxd5 fxe5 22. d6+ Rxd6 23. Rxd6 Kxd6 24. Bd3 Nf6 25. Be4 b6 26. Rd1+ Nd5
27. b3 h6 28. Kb2 Rc5 29. Rd2 a5 30. Re2 b5 31. Rd2 b4 32. Rd3 Ke7 33. Rd2 Nc3
34. a3 Rc7 35. axb4 axb4 36. h3 Ra7 37. Bb1 Ra3 38. Bc2 Ra2+ 39. Kc1 Ra5 40.
Be4 Ra1+ 41. Kb2 Nxe4 42. fxe4 Re1 43. Kc2 Rxe4 44. Rf2 Re3 45. Rf3 Rxf3 46.
gxf3 Kf6 47. Kd3 Kf5 48. Ke3 g5 49. Kd3 h5 50. Ke3 e4 51. fxe4+ Ke5 52. Kd3 g4
53. hxg4 hxg4 54. Ke3 g3 55. Kf3 g2 56. Kxg2 Kxe4 0-1

[Event "Mittelfr. EM 2017 - Hauptturnier"]
[Site "Uttenreuth"]
[Date "2017.04.11"]
[Round "2.2"]
[White "Erlbeck, Peter"]
[Black "Bauer, Karlheinz"]
[Result "1-0"]
[WhiteElo "2061"]
[BlackElo "2230"]
[PlyCount "101"]
[EventDate "2017.??.??"]
[WhiteTeam "SC Schwarz-Weiß Nürnberg Süd e.V"]
[BlackTeam "Spvg Zabo-Eintracht Nürnberg e.V"]

1. e4 c5 2. Nc3 d6 3. f4 Nc6 4. Nf3 e6 5. Bb5 a6 6. Bxc6+ bxc6 7. d3 Nf6 8. O-O
Be7 9. Qe1 Nd7 10. Kh1 Bb7 11. Qg3 g6 12. b3 Qc7 13. Bb2 O-O-O 14. Na4 f6 15.
Bc3 Rde8 16. Qe1 Bd8 17. Qf2 e5 18. Qe3 Nf8 19. Nd2 Ne6 20. f5 Nd4 21. Rac1
gxf5 22. exf5 Rhg8 23. Ne4 Nb5 24. Be1 Qg7 25. Qh3 Bc7 26. Bh4 Ref8 27. c3 Qe7
28. Rf3 d5 29. Nexc5 Bd6 30. Nxb7 Kxb7 31. Rg3 e4 32. Rxg8 Rxg8 33. dxe4 dxe4
34. Qe3 c5 35. Bg3 Bxg3 36. hxg3 Kc6 37. b4 Qe5 38. Nxc5 Rxg3 39. Qxe4+ Qxe4
40. Nxe4 Re3 41. Nxf6 Rxc3 42. Rf1 Nd6 43. Nxh7 Kb5 44. f6 Rc7 45. Ng5 Kxb4 46.
Rf3 a5 47. Kh2 a4 48. a3+ Kc4 49. f7 Nxf7 50. Nxf7 Kc5 51. Rc3+ 1-0

[Event "Mittelfr. EM 2017 - Hauptturnier"]
[Site "Uttenreuth"]
[Date "2017.04.11"]
[Round "2.3"]
[White "Tong, Kevin"]
[Black "Böhme, Markus"]
[Result "1/2-1/2"]
[WhiteElo "2046"]
[BlackElo "1957"]
[PlyCount "56"]
[EventDate "2017.??.??"]
[WhiteTeam "SC Erlangen 48/88"]
[BlackTeam "SC Uttenreuth e.V."]

1. e4 c6 2. d4 d5 3. exd5 cxd5 4. Bd3 Nc6 5. c3 Qc7 6. Ne2 Bg4 7. f3 Bd7 8. Bf4
e5 9. dxe5 Nxe5 10. O-O Bd6 11. Nd4 Nf6 12. Na3 a6 13. Kh1 O-O 14. Bf5 Bc6 15.
Nac2 Nh5 16. Bxe5 Bxe5 17. g3 Nf6 18. Qd2 Rfe8 19. Rfe1 Rad8 20. Re2 Nd7 21.
Rae1 Nf6 22. Bh3 Bd6 23. Rxe8+ Rxe8 24. Rxe8+ Bxe8 25. Nf5 Bd7 26. Qg5 Bxf5 27.
Qxf5 Qb6 28. b4 a5 1/2-1/2

[Event "Mittelfr. EM 2017 - Hauptturnier"]
[Site "Uttenreuth"]
[Date "2017.04.11"]
[Round "2.4"]
[White "Konsek, Peter"]
[Black "Wittmann, Helmut"]
[Result "0-1"]
[WhiteElo "2083"]
[BlackElo "2067"]
[PlyCount "104"]
[EventDate "2017.??.??"]
[WhiteTeam "SC Schwarz-Weiß Nürnberg Süd e.V"]
[BlackTeam "BSG Wörlhaus Erlangen"]

1. e4 g6 2. d4 Bg7 3. Nf3 d6 4. Bc4 Nf6 5. Qe2 Nc6 6. e5 dxe5 7. dxe5 Ng4 8. e6
fxe6 9. Bxe6 Bxe6 10. Qxe6 Qd7 11. Qxd7+ Kxd7 12. O-O Rae8 13. h3 Nh6 14. Ng5
Nd4 15. Rd1 Kc6 16. Rxd4 Bxd4 17. Ne6 Bf6 18. Bxh6 Kd6 19. Nxc7 Kxc7 20. Bf4+
e5 21. Bg3 Kc6 22. Nd2 e4 23. Nc4 b5 24. Ne3 Bxb2 25. Rb1 Be5 26. Bxe5 Rxe5 27.
Rd1 Rf8 28. Rd4 Rf7 29. Rd8 Rd7 30. Rc8+ Kb7 31. Rc3 Rd4 32. Rb3 Ra4 33. a3 Kc6
34. Kf1 Rd4 35. Ke2 Re6 36. Rc3+ Kb7 37. Rc5 a6 38. Rc3 Red6 39. Rc5 Ra4 40.
Rc3 Rc6 41. Rb3 Rd4 42. Ke1 Kb6 43. Ke2 Ka5 44. Rb2 Rc3 45. a4 b4 46. Rb3 Kxa4
47. Rb1 a5 48. Ra1+ Ra3 49. Rb1 Ra2 50. Ke1 Rd8 51. c4 b3 52. Nd5 b2 0-1

[Event "Mittelfr. EM 2017 - Hauptturnier"]
[Site "Uttenreuth"]
[Date "2017.04.11"]
[Round "2.5"]
[White "Meyer, Jürgen"]
[Black "Link, Andreas"]
[Result "1-0"]
[WhiteElo "1839"]
[BlackElo "2015"]
[PlyCount "67"]
[EventDate "2017.??.??"]
[WhiteTeam "SC Uttenreuth e.V."]
[BlackTeam "Spvg Zabo-Eintracht Nürnberg e.V"]

1. d4 Nf6 2. Nf3 g6 3. e3 Bg7 4. c4 c5 5. Nc3 cxd4 6. Nxd4 Nc6 7. Nxc6 bxc6 8.
Be2 O-O 9. O-O d5 10. Bd2 Rb8 11. b3 e5 12. Rc1 Be6 13. cxd5 cxd5 14. Nb5 Qd7
15. Rc7 Qd8 16. Rxa7 Ne4 17. Ba5 Qg5 18. Nc3 Nxc3 19. Bxc3 Bh3 20. Qxd5 Be6 21.
Qa5 Bh3 22. Bf3 Rfc8 23. Kh1 Be6 24. Be2 Qf5 25. Ba6 Rd8 26. Qc7 Bd5 27. f3
Rbc8 28. Qa5 Be6 29. Bxc8 Rxc8 30. e4 Qg5 31. Ra8 h6 32. Rxc8+ Bxc8 33. Rd1 Kh7
34. Qd8 1-0

[Event "Mittelfr. EM 2017 - Hauptturnier"]
[Site "Uttenreuth"]
[Date "2017.04.11"]
[Round "2.6"]
[White "Saathoff, Richard"]
[Black "Brenner, Christian"]
[Result "1-0"]
[WhiteElo "2124"]
[BlackElo "2032"]
[PlyCount "91"]
[EventDate "2017.??.??"]
[WhiteTeam "SC Schwarz-Weiß Nürnberg Süd e.V"]
[BlackTeam "Spvg Zabo-Eintracht Nürnberg e.V"]

1. e4 e5 2. f4 exf4 3. Nf3 d6 4. d4 g5 5. g3 g4 6. Nh4 f3 7. Nc3 Bg7 8. Be3 Nc6
9. Qd2 Bd7 10. O-O-O a6 11. h3 h5 12. Kb1 Nce7 13. Bd3 c6 14. Rhe1 Qa5 15. Nf5
Nxf5 16. exf5 O-O-O 17. Ne4 Qxd2 18. Nxd6+ Kb8 19. Bxd2 Rf8 20. Bc4 Nh6 21. Bf4
Ka8 22. Re7 Bc8 23. Bxh6 Bxh6 24. Nxc8 Rxc8 25. hxg4 hxg4 26. Bxf7 Bf4 27. Re4
Bxg3 28. Rxg4 Bh2 29. Be6 Rcf8 30. Rf1 Bd6 31. c3 Be7 32. Rxf3 Bf6 33. Rfg3 Ka7
34. Kc2 Kb6 35. d5 cxd5 36. Rd3 d4 37. cxd4 Rh2+ 38. Kc3 Kc7 39. Rd2 Rh3+ 40.
Kc2 Kd6 41. b4 Ra3 42. Bb3 a5 43. b5 Kd7 44. Kb2 Be7 45. Rg7 a4 46. Be6+ 1-0

[Event "Mittelfr. EM 2017 - Hauptturnier"]
[Site "Uttenreuth"]
[Date "2017.04.11"]
[Round "2.7"]
[White "Diller, Peter"]
[Black "Kotitschke, Karlheinz"]
[Result "0-1"]
[WhiteElo "2006"]
[BlackElo "1962"]
[PlyCount "66"]
[EventDate "2017.??.??"]
[WhiteTeam "SK Rothenburg e.V."]
[BlackTeam "SK Rothenburg e.V."]

1. e4 e6 2. f4 d5 3. e5 c5 4. Nf3 Nc6 5. Be2 Be7 6. O-O Nh6 7. Nc3 O-O 8. d3 f5
9. b3 d4 10. Na4 b6 11. h3 Nf7 12. Qe1 Nb4 13. Bd1 Bb7 14. Bd2 a5 15. a3 Nc6
16. Be2 Kh8 17. g4 b5 18. Nb2 g5 19. a4 gxf4 20. Bxf4 Rg8 21. Kh2 fxg4 22. hxg4
Rxg4 23. Bg3 Qd5 24. Qf2 Ncxe5 25. Nd2 Rag8 26. Ne4 R4g6 27. Rh1 Ng5 28. Qf4
Nef7 29. Raf1 Bd6 30. Qh4 Bxg3+ 31. Qxg3 Nxe4 32. Qxg6 Rxg6 33. Rxf7 Qe5+ 0-1

[Event "Mittelfr. EM 2017 - Hauptturnier"]
[Site "Uttenreuth"]
[Date "2017.04.12"]
[Round "3.1"]
[White "Seibold, Hubert"]
[Black "Erlbeck, Peter"]
[Result "1/2-1/2"]
[WhiteElo "2117"]
[BlackElo "2061"]
[PlyCount "63"]
[EventDate "2017.??.??"]
[WhiteTeam "SK Zirndorf e.V."]
[BlackTeam "SC Schwarz-Weiß Nürnberg Süd e.V"]

1. e4 c5 2. Nf3 Nc6 3. c3 Nf6 4. e5 Nd5 5. d4 cxd4 6. Bc4 Nb6 7. Bb3 d6 8. exd6
e6 9. cxd4 Bxd6 10. Nc3 Ne7 11. O-O Nbd5 12. Re1 O-O 13. Ne5 Nxc3 14. bxc3 Qc7
15. Bd2 b6 16. Qh5 Ng6 17. Nxg6 hxg6 18. Qh4 Be7 19. Qg4 Bf6 20. Rac1 a5 21. a4
Bd7 22. Bg5 Rac8 23. Qh4 Bxg5 24. Qxg5 Qd8 25. Qxd8 Rfxd8 26. f4 Be8 27. Kf2
Rc7 28. Ke3 b5 29. axb5 Bxb5 30. c4 Bc6 31. Ra1 Rb8 32. Bc2 1/2-1/2

[Event "Mittelfr. EM 2017 - Hauptturnier"]
[Site "Uttenreuth"]
[Date "2017.04.12"]
[Round "3.2"]
[White "Böhme, Markus"]
[Black "Meyer, Jürgen"]
[Result "1-0"]
[WhiteElo "1957"]
[BlackElo "1839"]
[PlyCount "75"]
[EventDate "2017.??.??"]
[WhiteTeam "SC Uttenreuth e.V."]
[BlackTeam "SC Uttenreuth e.V."]

1. e4 c5 2. b4 e6 3. bxc5 Bxc5 4. d4 Bb4+ 5. c3 Be7 6. Bd3 Nf6 7. e5 Nd5 8. c4
Nb4 9. Be2 d5 10. a3 N4c6 11. Nf3 O-O 12. O-O b6 13. Nc3 dxc4 14. Bxc4 Ba6 15.
Qd3 Bxc4 16. Qxc4 Na5 17. Qa2 Qc8 18. Nb5 Nd7 19. Bd2 Qc4 20. Qxc4 Nxc4 21. Bb4
Bxb4 22. axb4 a5 23. bxa5 Rxa5 24. Rab1 Na3 25. Nxa3 Rxa3 26. Rfc1 Rfa8 27. Kf1
Kf8 28. Rc7 R3a7 29. Rbc1 h6 30. Nd2 Ra1 31. Rxa1 Rxa1+ 32. Ke2 Ke7 33. Nc4 Rb1
34. Nd6 Rb2+ 35. Ke3 Rb3+ 36. Kf4 Rb2 37. Rc8 g5+ 38. Kg3 1-0

[Event "Mittelfr. EM 2017 - Hauptturnier"]
[Site "Uttenreuth"]
[Date "2017.04.12"]
[Round "3.4"]
[White "Bauer, Karlheinz"]
[Black "Tong, Kevin"]
[Result "0-1"]
[WhiteElo "2230"]
[BlackElo "2046"]
[PlyCount "112"]
[EventDate "2017.??.??"]
[WhiteTeam "Spvg Zabo-Eintracht Nürnberg e.V"]
[BlackTeam "SC Erlangen 48/88"]

1. e4 e5 2. Nf3 Nc6 3. d4 exd4 4. c3 Nf6 5. e5 Nd5 6. Bc4 Nb6 7. Bb3 d5 8. cxd4
Bg4 9. Be3 Nc4 10. Nbd2 Bb4 11. Bxc4 dxc4 12. O-O Bxd2 13. Qxd2 Bxf3 14. gxf3
Qd5 15. f4 O-O-O 16. Rad1 f6 17. f3 Ne7 18. Qc2 g6 19. Qe4 Nf5 20. Bf2 c6 21.
Rfe1 fxe5 22. fxe5 Rhe8 23. Kg2 Re6 24. f4 Kb8 25. Kf3 Qa5 26. a3 Qb5 27. Qe2
Qd5+ 28. Qe4 Qb5 29. Qe2 Rf8 30. Kg2 Qd5+ 31. Qe4 Ng7 32. Qxd5 cxd5 33. Bg3 Nf5
34. Bf2 Ng7 35. Bg3 Kc7 36. Rf1 Kd7 37. Bh4 Nf5 38. Bf2 Rb6 39. Rd2 Ke6 40. Rc1
Ng7 41. Bg3 Rc8 42. Rc3 Rb5 43. Be1 Nf5 44. Bf2 Rc6 45. Re2 Rcb6 46. Rcc2 Rb3
47. Bg1 Rd3 48. Rcd2 Rbb3 49. Kf1 Rxd2 50. Rxd2 Rf3+ 51. Rf2 Rd3 52. Re2 Nxd4
53. Bxd4 Rxd4 54. Rf2 Re4 55. Kg2 Kf5 56. Kf1 d4 0-1

[Event "Mittelfr. EM 2017 - Hauptturnier"]
[Site "Uttenreuth"]
[Date "2017.04.12"]
[Round "3.5"]
[White "Cordts, Elof"]
[Black "Böhme, Sebastian"]
[Result "0-1"]
[WhiteElo "1674"]
[BlackElo "2122"]
[PlyCount "84"]
[EventDate "2017.??.??"]
[WhiteTeam "SC Erlangen 48/88"]
[BlackTeam "SC Uttenreuth e.V."]

1. e4 e6 2. d4 d5 3. Nc3 Nf6 4. Bg5 Be7 5. e5 Nfd7 6. h4 h6 7. Bxe7 Qxe7 8. Nf3
a6 9. Ne2 Qb4+ 10. c3 Qxb2 11. Qb1 Qa3 12. Qc2 c5 13. Rb1 Nc6 14. Nc1 b5 15.
Qb2 Qxb2 16. Rxb2 Nb6 17. Rc2 cxd4 18. cxd4 Nc4 19. Nd3 Ke7 20. Be2 f6 21. O-O
Bd7 22. Rfc1 Be8 23. exf6+ gxf6 24. Rb1 Na3 25. Rxc6 Bxc6 26. Rc1 Nc4 27. Nc5
Kd6 28. Nd3 Rhg8 29. Nb4 a5 30. Nc2 e5 31. g3 Bd7 32. Kg2 Bg4 33. Bd1 Nb2 34.
Na3 Nxd1 35. Nxb5+ Ke7 36. Nc7 Rad8 37. dxe5 Bxf3+ 38. Kxf3 Nb2 39. exf6+ Kxf6
40. Rc6+ Kf7 41. Rxh6 d4 42. Rh7+ Kg6 0-1

[Event "Mittelfr. EM 2017 - Hauptturnier"]
[Site "Uttenreuth"]
[Date "2017.04.12"]
[Round "3.7"]
[White "Link, Andreas"]
[Black "Diller, Peter"]
[Result "1-0"]
[WhiteElo "2015"]
[BlackElo "2006"]
[PlyCount "84"]
[EventDate "2017.??.??"]
[WhiteTeam "Spvg Zabo-Eintracht Nürnberg e.V"]
[BlackTeam "SK Rothenburg e.V."]

1. e4 e6 2. d4 d5 3. Nc3 Bb4 4. e5 c5 5. a3 Bxc3+ 6. bxc3 Qc7 7. Nf3 Nc6 8. a4
Nge7 9. Qd2 O-O 10. Be2 Bd7 11. Ba3 c4 12. O-O Rae8 13. Rfe1 f6 14. Bd6 Qd8 15.
exf6 Rxf6 16. Ne5 Bc8 17. Bxe7 Rxe7 18. Nxc6 bxc6 19. f4 Qa5 20. Bg4 g6 21. f5
Qc7 22. fxg6 hxg6 23. Re5 Qd6 24. Qg5 Ref7 25. h4 Qf8 26. Kh2 Kg7 27. Rae1 Qd6
28. h5 c5 29. Kg1 cxd4 30. cxd4 Qb6 31. Qe3 Qb2 32. hxg6 Rxg6 33. Bh5 Rff6 34.
Bxg6 Rxg6 35. Rg5 Qxc2 36. Qe5+ Kf7 37. Rf1+ Kg8 38. Rxg6+ Qxg6 39. Rf3 Qb1+
40. Kh2 Qh7+ 41. Rh3 Qf5 42. Rh8+ Kf7 1-0

[Event "Mittelfr. EM 2017 - Hauptturnier"]
[Site "Uttenreuth"]
[Date "2017.04.12"]
[Round "4.1"]
[White "Erlbeck, Peter"]
[Black "Böhme, Markus"]
[Result "1/2-1/2"]
[WhiteElo "2061"]
[BlackElo "1957"]
[PlyCount "32"]
[EventDate "2017.??.??"]
[WhiteTeam "SC Schwarz-Weiß Nürnberg Süd e.V"]
[BlackTeam "SC Uttenreuth e.V."]

1. e4 c6 2. d4 d5 3. exd5 cxd5 4. c4 Nf6 5. Nc3 Nc6 6. Bg5 Be6 7. a3 g6 8. Bxf6
exf6 9. Nf3 Bg7 10. Be2 O-O 11. O-O Qd7 12. b4 Rfd8 13. b5 Na5 14. c5 Nc4 15.
a4 g5 16. Ra2 g4 1/2-1/2

[Event "Mittelfr. EM 2017 - Hauptturnier"]
[Site "Uttenreuth"]
[Date "2017.04.12"]
[Round "4.2"]
[White "Tong, Kevin"]
[Black "Seibold, Hubert"]
[Result "1-0"]
[WhiteElo "2046"]
[BlackElo "2117"]
[PlyCount "97"]
[EventDate "2017.??.??"]
[WhiteTeam "SC Erlangen 48/88"]
[BlackTeam "SK Zirndorf e.V."]

1. e4 c5 2. Nf3 Nc6 3. d4 cxd4 4. Nxd4 g6 5. Nc3 Bg7 6. Be3 Nf6 7. Bc4 Qa5 8.
O-O O-O 9. Bb3 d6 10. h3 Bd7 11. Re1 Nxd4 12. Bxd4 Bc6 13. Nd5 Bxd5 14. exd5
Rfe8 15. c4 Bf8 16. Bc3 Qc7 17. Qd4 a5 18. Ba4 Rec8 19. Bb5 Qd8 20. Re2 b6 21.
Rae1 Ra7 22. a4 Bg7 23. Qh4 Qf8 24. Kh2 Kh8 25. Bd4 Rb8 26. Re3 Ng8 27. Rb3
Bxd4 28. Qxd4+ Qg7 29. Qe3 Nh6 30. Bc6 Nf5 31. Rxb6 Rf8 32. Qd3 Qf6 33. Qc3 Kg7
34. Re4 Qxc3 35. bxc3 Kf6 36. g4 Nh4 37. f4 e5 38. fxe5+ dxe5 39. Bb5+ Kg7 40.
Kg3 g5 41. Rxe5 f5 42. gxf5 Nxf5+ 43. Kg4 Raf7 44. Be8 Nh6+ 45. Rxh6 Rf3 46.
Rhe6 R8f4+ 47. Kxg5 Rxc4 48. Re7+ Kf8 49. Bh5 1-0

[Event "Mittelfr. EM 2017 - Hauptturnier"]
[Site "Uttenreuth"]
[Date "2017.04.12"]
[Round "4.3"]
[White "Saathoff, Richard"]
[Black "Böhme, Sebastian"]
[Result "1-0"]
[WhiteElo "2124"]
[BlackElo "2122"]
[PlyCount "63"]
[EventDate "2017.??.??"]
[WhiteTeam "SC Schwarz-Weiß Nürnberg Süd e.V"]
[BlackTeam "SC Uttenreuth e.V."]

1. e4 e6 2. d4 d5 3. Nc3 Nf6 4. Bg5 Be7 5. e5 Nfd7 6. h4 h6 7. Be3 c5 8. Qg4 g6
9. f4 cxd4 10. Bxd4 Nc6 11. Nf3 Nxd4 12. Nxd4 h5 13. Qg3 a6 14. O-O-O Qc7 15.
Nxe6 fxe6 16. Qxg6+ Kf8 17. Be2 Rg8 18. Qh6+ Rg7 19. Rh3 Kg8 20. Qxe6+ Kh8 21.
Nxd5 Qc5 22. Rc3 Nf8 23. Qh6+ Rh7 24. Rxc5 Rxh6 25. Nxe7 Bd7 26. f5 Re8 27. f6
Ne6 28. Rcd5 Bc6 29. Nxc6 bxc6 30. Rd6 Nf4 31. Bxa6 Rxe5 32. f7 1-0

[Event "Mittelfr. EM 2017 - Hauptturnier"]
[Site "Uttenreuth"]
[Date "2017.04.12"]
[Round "4.4"]
[White "Link, Andreas"]
[Black "Wittmann, Helmut"]
[Result "0-1"]
[WhiteElo "2015"]
[BlackElo "2067"]
[PlyCount "176"]
[EventDate "2017.??.??"]
[WhiteTeam "Spvg Zabo-Eintracht Nürnberg e.V"]
[BlackTeam "BSG Wörlhaus Erlangen"]

1. e4 e5 2. Nf3 Nc6 3. Bb5 g6 4. c3 Bg7 5. d4 exd4 6. cxd4 a6 7. Bc4 d6 8. O-O
Nf6 9. Nc3 O-O 10. Re1 b5 11. Bb3 Bg4 12. Be3 Na5 13. Bc2 Nc4 14. b3 Nxe3 15.
Rxe3 c5 16. dxc5 dxc5 17. e5 Nd7 18. Be4 Ra7 19. Qd5 b4 20. Na4 Bxf3 21. Bxf3
Nxe5 22. Rae1 Rd7 23. Qe4 Rd4 24. Qb7 Nd3 25. Rf1 c4 26. bxc4 Rxc4 27. Be2 Rd4
28. Bxd3 Rxd3 29. Rxd3 Qxd3 30. Qxb4 Rd8 31. Qb3 Qb5 32. g3 Rd3 33. Qc2 Ra3 34.
Qc8+ Bf8 35. Nc3 Qd3 36. Rc1 Kg7 37. Qc7 Bd6 38. Qc6 Qd2 39. Rd1 Qxc3 40. Qxd6
Rxa2 41. Qd4+ Qxd4 42. Rxd4 Rb2 43. Rd6 a5 44. Ra6 Rb5 45. h4 h5 46. Kg2 Kf8
47. Ra7 f6 48. Kf3 Rf5+ 49. Kg2 g5 50. hxg5 fxg5 51. f4 g4 52. Kf2 Rb5 53. Ke3
Rb3+ 54. Kf2 Rb2+ 55. Kg1 Rb5 56. Kf2 Ke8 57. Ke3 Rb3+ 58. Kf2 Rb2+ 59. Kg1 Rb5
60. Kf2 Kd8 61. Ke3 Rb3+ 62. Kf2 Rb2+ 63. Kg1 Rb5 64. Kf2 Kc8 65. Ke3 Kb8 66.
Rd7 a4 67. Rd2 Rb3+ 68. Ke4 Rxg3 69. f5 Rf3 70. Rd8+ Kc7 71. Rh8 a3 72. Rxh5 a2
73. Rh1 Kd6 74. Ra1 Rf2 75. Rd1+ Ke7 76. Ke5 Re2+ 77. Kf4 Rb2 78. Ra1 Rg2 79.
Kg5 Kf7 80. f6 g3 81. Kf4 Kxf6 82. Kf3 Rc2 83. Kxg3 Ke5 84. Kf3 Kd4 85. Rd1+
Kc3 86. Ke3 Kb2 87. Kd3 Rc3+ 88. Kd4 Rc8 0-1